[Event "Stuttgarter Stadtmeisterschaft B-Turnier"]
[Site "Ditzingen"]
[Date "2009.05.21"]
[Round "3.22"]
[White "Strauss, Martin"]
[Black "Herdt, Wladimir"]
[Result "0-1"]
[WhiteElo "1660"]
[BlackElo "1862"]
[PlyCount "120"]
[EventDate "2009.??.??"]

1. e4 e6 2. d4 d5 3. Nd2 dxe4 4. Nxe4 Nd7 5. Nf3 Ngf6 6. Bg5 Be7 7. Nxf6+ Bxf6
8. Be3 O-O 9. c3 b6 10. Be2 Bb7 11. O-O Re8 12. Qd2 c5 13. dxc5 Nxc5 14. Qxd8
Rexd8 15. Rfd1 Na4 16. Nd4 Nxb2 17. Rd2 Na4 18. Rc1 Rac8 19. Nb5 Rxd2 20. Bxd2
Rd8 21. Be3 Ba6 22. c4 Bxb5 23. cxb5 Nc3 24. Bc4 Rc8 25. Bd3 Rd8 26. Bc4 h6 27.
Kf1 Ne4 28. a4 Rc8 29. Bd3 Rxc1+ 30. Bxc1 Nc5 31. Bc2 Bd4 32. Bd2 f5 33. Ke2
Ne4 34. Bxe4 fxe4 35. Be3 e5 36. f3 exf3+ 37. gxf3 Bxe3 38. Kxe3 Kf7 39. Ke4
Ke6 40. h4 g6 41. Kd3 Kd5 42. Ke3 g5 43. h5 Kd6 44. Kd3 Ke6 45. Ke4 Kf6 46. Kd3
Kf5 47. Ke3 g4 48. fxg4+ Kxg4 49. Ke4 Kxh5 50. Kxe5 Kg4 51. Kd6 h5 52. Kc7 h4
53. Kb7 h3 54. Kxa7 h2 55. Kxb6 h1=Q 56. a5 Kf5 57. a6 Ke6 58. a7 Kd7 59. Ka6
Kc8 60. b6 Qa1+ 0-1

[Event "Stuttgarter Stadtmeisterschaft B-Turnier"]
[Site "Ditzingen"]
[Date "2009.05.21"]
[Round "3.23"]
[White "Zikeli, Julia"]
[Black "Bay, Johannes"]
[Result "1/2-1/2"]
[WhiteElo "1844"]
[BlackElo "1650"]
[PlyCount "86"]
[EventDate "2009.??.??"]

1. e4 b6 2. d4 Bb7 3. Nc3 e6 4. Bd3 Bb4 5. Nge2 Nf6 6. f3 c5 7. Be3 cxd4 8.
Bxd4 Nc6 9. Bf2 d5 10. O-O d4 11. Nb1 O-O 12. c3 dxc3 13. Nbxc3 Qe7 14. a3 Bc5
15. b4 Bxf2+ 16. Kxf2 Rfd8 17. Qc2 Qd6 18. Rad1 Qxh2 19. Rh1 Qc7 20. e5 Nxe5
21. Bxh7+ Kf8 22. Nb5 Qxc2 23. Bxc2 Rxd1 24. Rxd1 a6 25. Nd6 Bd5 26. Nf4 Ke7
27. Nf5+ Kf8 28. Ne3 Rc8 29. Bb1 Bb3 30. Rd6 Rc1 31. Bd3 g5 32. Ne2 Nxd3+ 33.
Rxd3 Rb1 34. Rd6 Ra1 35. Rxb6 Rxa3 36. Nd4 Bd5 37. Nc6 Ba2 38. Nc2 Rc3 39. N2d4
Bc4 40. Na5 Nd5 41. Rb8+ Kg7 42. Rb7 Kf6 43. Nac6 e5 1/2-1/2

[Event "Stuttgarter Stadtmeisterschaft B-Turnier"]
[Site "Ditzingen"]
[Date "2009.05.21"]
[Round "3.24"]
[White "Lörincz, Peter"]
[Black "Stadler, Marcus"]
[Result "0-1"]
[WhiteElo "1650"]
[BlackElo "1828"]
[PlyCount "76"]
[EventDate "2009.??.??"]

1. c4 Nf6 2. Nc3 d5 3. cxd5 Nxd5 4. e4 Nxc3 5. bxc3 g6 6. d4 Bg7 7. Bb2 O-O 8.
f4 c5 9. Nf3 Nc6 10. e5 cxd4 11. Nxd4 Qd5 12. Qf3 Qc5 13. Nxc6 bxc6 14. c4 Rb8
15. Qc3 Rd8 16. Ba3 Qd4 17. Qxd4 Rxd4 18. g3 f6 19. exf6 Bxf6 20. Rd1 Rxd1+ 21.
Kxd1 Rb1+ 22. Ke2 Ra1 23. Bb4 Rxa2+ 24. Ke3 a5 25. Bc5 Kf7 26. Bd3 Bc3 27. Bb6
a4 28. c5 Be6 29. h3 a3 30. g4 Bd2+ 31. Kd4 Rb2 32. Be4 a2 33. f5 gxf5 34. Rf1
f4 35. Ra1 Rb3 36. Rxa2 Rb4+ 37. Kd3 Bxa2 38. Bxc6 Be3 0-1

[Event "Stuttgarter Stadtmeisterschaft B-Turnier"]
[Site "Ditzingen"]
[Date "2009.05.21"]
[Round "3.25"]
[White "Naundorf, Jo-Jan"]
[Black "Gheng, Hannelore"]
[Result "0-1"]
[WhiteElo "1796"]
[BlackElo "1649"]
[PlyCount "76"]
[EventDate "2009.??.??"]

1. e4 c5 2. Nf3 d6 3. d4 cxd4 4. Nxd4 Nf6 5. Nc3 g6 6. Be3 Bg7 7. Be2 O-O 8. f3
Nc6 9. Qd2 Bd7 10. O-O-O a6 11. g4 b5 12. g5 Nh5 13. Nxc6 Bxc6 14. Nd5 Bxd5 15.
Qxd5 Be5 16. Qd2 Rc8 17. f4 Bg7 18. Bxh5 gxh5 19. Rhg1 b4 20. Bd4 Bxd4 21. Qxd4
Qa5 22. Kb1 Rc5 23. f5 Rfc8 24. g6 hxg6 25. fxg6 f6 26. Rg2 Rg5 27. Rdg1 Rxg2
28. Rxg2 b3 29. c3 Qxa2+ 30. Kc1 Qa1+ 31. Kd2 Qxb2+ 32. Kd3 Qxg2 33. Qd5+ Kg7
34. Qf7+ Kh6 35. Qh7+ Kg5 36. g7 Qc2+ 37. Kd4 Qxc3+ 38. Kd5 Qc4# 0-1

[Event "Stuttgarter Stadtmeisterschaft B-Turnier"]
[Site "Ditzingen"]
[Date "2009.05.21"]
[Round "3.26"]
[White "Schmidt, Markus"]
[Black "Klett, Hartmut"]
[Result "1-0"]
[WhiteElo "1794"]
[BlackElo "1638"]
[PlyCount "73"]
[EventDate "2009.??.??"]

1. d4 Nf6 2. c4 e5 3. d5 Bc5 4. Nc3 d6 5. Nf3 O-O 6. h3 c6 7. e4 Bd7 8. Bd3 Na6
9. a3 Nc7 10. b4 Bd4 11. Nxd4 exd4 12. Ne2 c5 13. Bg5 Re8 14. Qc2 h6 15. Bh4 g5
16. Bg3 Bc8 17. O-O-O b6 18. f4 g4 19. Bh4 a5 20. b5 Kg7 21. Ng3 Qe7 22. Nh5+
Nxh5 23. Bxe7 Rxe7 24. e5 Ne8 25. Bf5 dxe5 26. fxe5 Rxe5 27. hxg4 Ng3 28. Rhe1
Bxf5 29. gxf5 Rxf5 30. Rd3 Rg5 31. Qf2 Nf5 32. Rf3 Ned6 33. Re5 Kg6 34. g4 Ne3
35. Rf6+ Kg7 36. Rxg5+ hxg5 37. Rxd6 1-0

[Event "Stuttgarter Stadtmeisterschaft B-Turnier"]
[Site "Ditzingen"]
[Date "2009.05.21"]
[Round "3.27"]
[White "Scheuer, Volker"]
[Black "Boyarchenko, Vlada"]
[Result "1-0"]
[WhiteElo "1775"]
[BlackElo "1607"]
[PlyCount "119"]
[EventDate "2009.??.??"]

1. e4 c5 2. d4 cxd4 3. c3 dxc3 4. Nxc3 Nc6 5. Nf3 e6 6. Bc4 a6 7. Qe2 Nge7 8.
Bg5 Qc7 9. O-O Ng6 10. Rac1 Bd6 11. Rfd1 Bf4 12. Nd5 exd5 13. exd5+ Nce5 14. d6
Qa5 15. Rd5 Qb4 16. Bxf4 Nxf4 17. Qxe5+ Ne6 18. Rd3 O-O 19. Rb3 Qa4 20. Ra3 Qc6
21. Rac3 Qb6 22. Rb3 Qd8 23. Bxe6 fxe6 24. Nd2 b5 25. Rc7 Rb8 26. Rg3 Qf6 27.
Qxf6 Rxf6 28. Rgc3 Rf8 29. Ne4 Rd8 30. Nc5 Ra8 31. Kf1 Rb8 32. h3 Kf8 33. Rf3+
Kg8 34. Rc3 Kf8 35. Ke2 Kf7 36. Ke3 Kf8 37. Ke4 Kf7 38. Ke5 Kf8 39. Rf3+ Kg8
40. Rc3 Kf8 41. b4 Kg8 42. Ra7 Rb6 43. Ra8 Rf8 44. Nxe6 dxe6 45. Rcxc8 Rxc8 46.
Rxc8+ Kf7 47. Rc7+ Kf8 48. Kxe6 Rxd6+ 49. Kxd6 Kg8 50. Ke6 h6 51. Kf5 Kh7 52.
Ra7 Kg8 53. Rxa6 Kh7 54. Rb6 Kg8 55. Rxb5 Kh7 56. Re5 Kg8 57. Kg6 Kf8 58. h4 h5
59. g3 Kg8 60. Re8# 1-0

[Event "Stuttgarter Stadtmeisterschaft B-Turnier"]
[Site "Ditzingen"]
[Date "2009.05.21"]
[Round "3.28"]
[White "Wendland, Tobias"]
[Black "Tölg, Wolfgang"]
[Result "0-1"]
[WhiteElo "1622"]
[BlackElo "1762"]
[PlyCount "82"]
[EventDate "2009.??.??"]

1. d4 d5 2. c4 e5 3. dxe5 d4 4. Nf3 Nc6 5. Bf4 Nge7 6. Bg5 h6 7. Bh4 g5 8. Bg3
Ng6 9. h3 Bg7 10. Na3 Ncxe5 11. Nxe5 Bxe5 12. Bxe5 Nxe5 13. g3 Be6 14. Nb5 O-O
15. Qa4 c5 16. Na3 Bd7 17. Qc2 Qa5+ 18. Qd2 Qxd2+ 19. Kxd2 Rfe8 20. f4 Ng6 21.
fxg5 hxg5 22. Bg2 Bc6 23. Rhg1 Re3 24. Bxc6 bxc6 25. Nc2 Re7 26. b4 Ne5 27.
bxc5 Nxc4+ 28. Kd3 Nb2+ 29. Kd2 Rd8 30. Kc1 Na4 31. Rd1 Nc3 32. Rd3 Nxe2+ 33.
Kd2 Nc3 34. Nxd4 Ne4+ 35. Kc2 Nxc5 36. Nxc6 Re2+ 37. Kb1 Rxd3 38. Kc1 Rxg3 39.
Kd1 Rh2 40. Ne7+ Kh7 41. Ng6 Rg1# 0-1

[Event "Stuttgarter Stadtmeisterschaft B-Turnier"]
[Site "Ditzingen"]
[Date "2009.05.21"]
[Round "3.29"]
[White "Schmitz, Harald"]
[Black "Schäfer-Siebert, Carsten"]
[Result "1/2-1/2"]
[WhiteElo "1757"]
[BlackElo "1596"]
[PlyCount "41"]
[EventDate "2009.??.??"]

1. e4 e6 2. d4 d5 3. exd5 exd5 4. Bd3 Nc6 5. Ne2 Be6 6. O-O Bd6 7. Re1 Qd7 8.
c3 Nge7 9. Bf4 Ng6 10. Bxd6 Qxd6 11. Qc2 O-O-O 12. b4 Qd7 13. Ng3 Nf4 14. Bf5
g6 15. Bxe6 Nxe6 16. a4 Rhe8 17. Nd2 Re7 18. a5 Rde8 19. Nf3 f6 20. Qd2 Qd6 21.
Kf1 1/2-1/2

[Event "Stuttgarter Stadtmeisterschaft B-Turnier"]
[Site "Ditzingen"]
[Date "2009.05.21"]
[Round "3.30"]
[White "Aubel, Stefan"]
[Black "Zehring, Mathias"]
[Result "1/2-1/2"]
[WhiteElo "1591"]
[BlackElo "1753"]
[PlyCount "48"]
[EventDate "2009.??.??"]

1. e4 e5 2. f4 exf4 3. Nf3 Be7 4. Bc4 Nf6 5. d3 d5 6. exd5 Nxd5 7. O-O O-O 8.
Nc3 Nxc3 9. bxc3 Bd6 10. Nd4 Nd7 11. Bxf4 Ne5 12. Bb3 Bg4 13. Qe1 Ng6 14. Bxd6
Qxd6 15. Qe4 Bc8 16. Rae1 c6 17. Rxf7 Kh8 18. Ref1 Bd7 19. Rxf8+ Rxf8 20. Rxf8+
Qxf8 21. Nf3 Qe7 22. Qd4 b6 23. a4 Nf8 24. Ne5 c5 1/2-1/2

[Event "Stuttgarter Stadtmeisterschaft B-Turnier"]
[Site "Ditzingen"]
[Date "2009.05.21"]
[Round "3.31"]
[White "Wolf, Adam"]
[Black "Straub, Reiner"]
[Result "0-1"]
[WhiteElo "1582"]
[BlackElo "1736"]
[PlyCount "146"]
[EventDate "2009.??.??"]

1. c4 e5 2. g3 Nf6 3. Bg2 g6 4. Nf3 d6 5. b4 Bg7 6. Nc3 O-O 7. O-O Nc6 8. Rb1
Rb8 9. d3 Ne7 10. Be3 b6 11. a4 Nf5 12. Bd2 Nd4 13. Nxd4 exd4 14. Nb5 c5 15.
Nxa7 Bb7 16. Nc6 Bxc6 17. Bxc6 Nd7 18. b5 Ne5 19. Bd5 h5 20. h4 Kh7 21. Ra1 f5
22. f4 Ng4 23. Qc1 Bf6 24. Rf3 Bxh4 25. Qe1 Bf6 26. a5 Ne3 27. Bxe3 dxe3 28. a6
Bxa1 29. Qxa1 Qe7 30. a7 Ra8 31. Bxa8 Rxa8 32. Kf1 Rxa7 33. Qc1 Qf6 34. Qxe3
Re7 35. Qf2 Qe6 36. Qg2 d5 37. cxd5 Qxd5 38. Rf2 Qd7 39. Qc6 Qxc6 40. bxc6 Rc7
41. e4 fxe4 42. dxe4 Rxc6 43. e5 Kg7 44. Rd2 Kf7 45. Ke1 Ke6 46. Kd1 b5 47. Kc2
g5 48. fxg5 Kxe5 49. Rh2 Kf5 50. Rxh5 Kg4 51. Rh6 Rc8 52. g6 Kg5 53. Rh1 Kxg6
54. Rb1 b4 55. Kb3 Kg5 56. Kc4 Kf5 57. Rb3 Ke6 58. Rd3 Ke7 59. Rb3 Kd6 60. Rd3+
Kc6 61. Rb3 Rg8 62. Rf3 Rg4+ 63. Kb3 Kb5 64. Kb2 Kc4 65. Kc2 Re4 66. Rf2 Re3
67. Rf4+ Kd5 68. g4 c4 69. g5 Re2+ 70. Kb1 Rg2 71. Rf5+ Ke4 72. Rc5 Kd3 73. Rf5
c3 0-1

[Event "Stuttgarter Stadtmeisterschaft B-Turnier"]
[Site "Ditzingen"]
[Date "2009.05.21"]
[Round "3.32"]
[White "Holschke, Christian"]
[Black "Ackermann, Jens"]
[Result "1-0"]
[WhiteElo "1553"]
[BlackElo "1731"]
[PlyCount "47"]
[EventDate "2009.??.??"]

1. e4 a6 2. d4 b5 3. c4 Bb7 4. d5 bxc4 5. Bxc4 e6 6. Qb3 Qc8 7. Nc3 Bd6 8. Nf3
Ne7 9. O-O O-O 10. dxe6 fxe6 11. Ng5 Rf6 12. Bd2 Nbc6 13. Ne2 Ne5 14. f4 Bc5+
15. Kh1 Ng4 16. Qh3 Nh6 17. Ng3 Kh8 18. Bc3 Rg6 19. Nh5 d5 20. Bxg7+ Rxg7 21.
Nxg7 dxc4 22. Qxh6 Qg8 23. N7xe6 Bb6 24. Qf6+ 1-0

[Event "Stuttgarter Stadtmeisterschaft B-Turnier"]
[Site "Ditzingen"]
[Date "2009.05.21"]
[Round "3.33"]
[White "Kühnel, Lena"]
[Black "Pfeilsticker, Thorsten"]
[Result "1/2-1/2"]
[WhiteElo "1728"]
[BlackElo "1567"]
[PlyCount "75"]
[EventDate "2009.??.??"]

1. e4 a6 2. d4 b5 3. Bd3 Bb7 4. Ne2 Nf6 5. Ng3 e6 6. O-O Be7 7. c3 d6 8. Nd2 c5
9. f4 h5 10. e5 Ng4 11. Nf3 cxd4 12. cxd4 dxe5 13. fxe5 Nd7 14. Be4 Bxe4 15.
Nxe4 Qb6 16. Kh1 O-O-O 17. a4 Ndxe5 18. Nxe5 Nxe5 19. Qc2+ Qc6 20. Qc3 b4 21.
Qxc6+ Nxc6 22. Be3 f6 23. Rac1 Kb7 24. Nc5+ Bxc5 25. Rxc5 Ne7 26. Rfc1 Rc8 27.
R5c4 Rxc4 28. Rxc4 Nd5 29. Bd2 Rc8 30. Rxc8 Kxc8 31. g3 b3 32. a5 Kc7 33. Kg2
Kd6 34. Kf3 Nc7 35. Ke4 f5+ 36. Kd3 Kd5 37. Bf4 Nb5 38. Be5 1/2-1/2

[Event "Stuttgarter Stadtmeisterschaft B-Turnier"]
[Site "Ditzingen"]
[Date "2009.05.21"]
[Round "3.34"]
[White "Wolff, Sidney Robert"]
[Black "Baumann, Michaela"]
[Result "1-0"]
[WhiteElo "1716"]
[BlackElo "1413"]
[PlyCount "57"]
[EventDate "2009.??.??"]

1. f4 b6 2. Nf3 Nf6 3. e3 Bb7 4. b3 e6 5. Bb2 Nc6 6. Be2 d5 7. O-O Bd6 8. Nc3
Qe7 9. Nb5 O-O-O 10. a4 a5 11. Nfd4 Nxd4 12. Bxd4 Rhg8 13. Qe1 Nd7 14. Bb2 f6
15. Nxd6+ Qxd6 16. Ba3 c5 17. c3 g5 18. f5 g4 19. d4 Rg5 20. b4 exf5 21. bxc5
Qe6 22. Qg3 Re8 23. Bb5 bxc5 24. dxc5 Bc6 25. Bxc6 Qxc6 26. Qd6 Re6 27. Qg3
Nxc5 28. Rab1 Na6 29. Rb5 1-0

[Event "Stuttgarter Stadtmeisterschaft B-Turnier"]
[Site "Ditzingen"]
[Date "2009.05.21"]
[Round "3.35"]
[White "Gorb, Eugeniusz"]
[Black "Hirneise, Lothar"]
[Result "1-0"]
[WhiteElo "1537"]
[BlackElo "1714"]
[PlyCount "87"]
[EventDate "2009.??.??"]

1. e4 c5 2. Nf3 a6 3. Nc3 Nc6 4. d4 cxd4 5. Nxd4 e5 6. Nf3 Bb4 7. Bd2 Nf6 8.
Bd3 O-O 9. O-O d6 10. a3 Bxc3 11. Bxc3 Bg4 12. h3 Be6 13. Bd2 Nd7 14. Ng5 Qe7
15. f4 exf4 16. Bxf4 Nce5 17. Qh5 h6 18. Nf3 f6 19. Nh4 g5 20. Bxe5 Nxe5 21.
Nf5 Bxf5 22. Rxf5 Kh7 23. Raf1 Rf7 24. Qe2 Rg8 25. Qf2 Rgf8 26. Be2 Kg6 27. Qd4
Qc7 28. Qd1 Kg7 29. Bh5 Re7 30. b3 Qc5+ 31. Kh1 Qxa3 32. Qe1 Qc5 33. c3 Qc6 34.
h4 Nd3 35. Qg3 Nf4 36. hxg5 hxg5 37. Rxg5+ fxg5 38. Qxg5+ Kh8 39. Qxe7 Rf5 40.
Bg4 Re5 41. Qf6+ Kh7 42. Rxf4 Qe8 43. Bf5+ Rxf5 44. Qxf5+ 1-0

[Event "Stuttgarter Stadtmeisterschaft B-Turnier"]
[Site "Ditzingen"]
[Date "2009.05.21"]
[Round "3.36"]
[White "Wilhelm, Jens"]
[Black "Helfrich, Leo"]
[Result "0-1"]
[WhiteElo "1542"]
[BlackElo "1701"]
[PlyCount "110"]
[EventDate "2009.??.??"]

1. d4 Nf6 2. c4 g6 3. e3 Bg7 4. Nc3 O-O 5. Bd3 d6 6. Nge2 e5 7. d5 Nbd7 8. Ng3
Nc5 9. Bc2 a5 10. O-O h5 11. e4 h4 12. Nh1 h3 13. Bg5 Qd7 14. Qf3 Nh7 15. Be3
Na6 16. a3 Qe7 17. Qg3 Nf6 18. Bd1 Nh5 19. Qf3 Nf6 20. Qe2 hxg2 21. Kxg2 Nh5
22. Ng3 Nf4+ 23. Bxf4 exf4 24. Bc2 fxg3 25. fxg3 Bf6 26. Qf3 Be5 27. Ne2 Bxb2
28. Ra2 Be5 29. Nf4 Bxf4 30. Qxf4 Kg7 31. Bb1 Nc5 32. Re2 Nd7 33. Ref2 Ne5 34.
Qc1 Rh8 35. Qc3 Bh3+ 36. Kg1 Bxf1 37. Rxf1 b6 38. Bc2 Qg5 39. Bd1 Raf8 40. Rf2
Kg8 41. Kf1 Ng4 42. Bxg4 Qxg4 43. Qe3 Rh5 44. Qd4 Re5 45. Rf4 Qd7 46. Qd2 Qe7
47. Rh4 Qg5 48. Qd1 Rfe8 49. Qf3 Qc1+ 50. Kg2 Qc2+ 51. Kh3 Rxe4 52. Qf6 Rxh4+
53. Qxh4 Kg7 54. Qd4+ Re5 55. g4 Qe2 0-1

[Event "Stuttgarter Stadtmeisterschaft B-Turnier"]
[Site "Ditzingen"]
[Date "2009.05.21"]
[Round "3.38"]
[White "Schiller, Anna-Katharina"]
[Black "Ziegler, Michael"]
[Result "0-1"]
[WhiteElo "1508"]
[BlackElo "1700"]
[PlyCount "108"]
[EventDate "2009.??.??"]

1. e4 c5 2. Nf3 d6 3. d4 cxd4 4. Nxd4 Nf6 5. Nc3 a6 6. Be2 g6 7. Be3 Bg7 8. Qd2
O-O 9. Bh6 Bxh6 10. Qxh6 Qb6 11. Nb3 Nc6 12. Qd2 Be6 13. Nd5 Bxd5 14. exd5 Ne4
15. Qf4 Qb4+ 16. Kf1 Nf6 17. Qxb4 Nxb4 18. c4 b5 19. cxb5 axb5 20. Bxb5 Rxa2
21. Rxa2 Nxa2 22. Nd4 Rb8 23. Ke2 Nxd5 24. Ra1 Nab4 25. Bc4 Nb6 26. Bd3 e5 27.
Nc2 N4d5 28. Ne3 Nf4+ 29. Kd2 d5 30. g3 Ne6 31. b4 e4 32. Ba6 Nd4 33. Kc3 Ne6
34. Nc2 Kf8 35. Nd4 Nxd4 36. Kxd4 Ke7 37. Rc1 Kd6 38. b5 Nc4 39. Rc3 f5 40. h4
h6 41. Rc1 Rb6 42. Rc3 Nd2 43. Rc8 Nf3+ 44. Ke3 d4+ 45. Ke2 Kd7 46. Rh8 h5 47.
Rh7+ Kd6 48. Rg7 d3+ 49. Kd1 Ne5 50. Rg8 Kc5 51. Rc8+ Kd4 52. Rd8+ Kc3 53. Rc8+
Nc4 54. Bb7 Rxb7 0-1

[Event "Stuttgarter Stadtmeisterschaft B-Turnier"]
[Site "Ditzingen"]
[Date "2009.05.21"]
[Round "3.39"]
[White "Gibicar, Miran"]
[Black "Zaytsev, Evgeny"]
[Result "0-1"]
[WhiteElo "1438"]
[BlackElo "1810"]
[PlyCount "104"]
[EventDate "2009.??.??"]

1. d4 Nf6 2. Nf3 g6 3. e3 Bg7 4. c4 O-O 5. Nc3 d6 6. Be2 Nbd7 7. O-O c5 8. d5
Ne8 9. e4 e5 10. Ne1 a6 11. a4 b6 12. Nd3 f5 13. f4 exf4 14. Bxf4 g5 15. Bd2 f4
16. b4 Ne5 17. Nxe5 Bxe5 18. bxc5 bxc5 19. Rb1 Qf6 20. Qb3 Qg6 21. Rfe1 g4 22.
Qb6 f3 23. Qc6 f2+ 24. Kf1 g3 25. Bf3 Rxf3 26. gxf3 Bh3+ 27. Ke2 fxe1=Q+ 28.
Rxe1 Rc8 29. Qxa6 g2 30. a5 g1=Q 31. Rxg1 Qxg1 32. Qb7 Qf1+ 33. Ke3 Qxc4 34. a6
Bxc3 35. Bxc3 Qxc3+ 36. Kf4 Qg7 37. Qb6 Qc7 38. Qb1 Ra8 39. Qg1+ Qg7 40. Qb1
Rxa6 41. Qb8 Qf7+ 42. Ke3 Ra3+ 43. Kd2 Rxf3 44. Qd8 Qf4+ 45. Kd1 Rf1+ 46. Kc2
Qxe4+ 47. Kc3 Qd4+ 48. Kb3 Rf3+ 49. Kc2 Qc3+ 50. Kd1 Rd3+ 51. Ke2 Rd2+ 52. Ke1
Qc1# 0-1

[Event "Stuttgarter Stadtmeisterschaft B-Turnier"]
[Site "Ditzingen"]
[Date "2009.05.21"]
[Round "3.40"]
[White "Prinz, Philipp"]
[Black "Wolff, Cascal"]
[Result "1-0"]
[WhiteElo "1532"]
[BlackElo "1802"]
[PlyCount "115"]
[EventDate "2009.??.??"]

1. d4 d5 2. c4 e6 3. Nc3 Nf6 4. Bg5 Bb4 5. e3 O-O 6. a3 Be7 7. Nf3 b6 8. cxd5
Nxd5 9. Nxd5 Bxg5 10. Nxg5 Qxd5 11. Nf3 Bb7 12. Bd3 Ba6 13. Bxa6 Nxa6 14. O-O
Rfd8 15. b4 Rac8 16. Qa4 Qb7 17. Rac1 c5 18. bxc5 bxc5 19. Rb1 Qc6 20. Qxc6
Rxc6 21. Rb7 cxd4 22. Nxd4 Rc7 23. Rxc7 Nxc7 24. Rc1 Rd7 25. Nb5 Ne8 26. h3 Rb7
27. Rc8 Re7 28. Nd6 Kf8 29. Ra8 f6 30. a4 g6 31. a5 a6 32. Nxe8 Rxe8 33. Rxa6
Kg7 34. Ra7+ Kh6 35. a6 e5 36. Rb7 Re6 37. a7 Ra6 38. Kf1 Ra2 39. g3 Kg5 40.
Rxh7 Kf5 41. Kg2 e4 42. g4+ Ke5 43. Kg3 g5 44. h4 Ra1 45. h5 Rg1+ 46. Kh2 Ra1
47. h6 f5 48. gxf5 Kxf5 49. Rb7 Kg6 50. h7 g4 51. h8=Q g3+ 52. Kxg3 Rg1+ 53.
Kf4 Rg4+ 54. Ke5 Rg5+ 55. Kd6 Rd5+ 56. Kxd5 Kg5 57. Rg7+ Kf6 58. Qf8# 1-0

[Event "Stuttgarter Stadtmeisterschaft B-Turnier"]
[Site "Ditzingen"]
[Date "2009.05.21"]
[Round "3.41"]
[White "Schmidt, Heiko"]
[Black "Ruff, Robert"]
[Result "1/2-1/2"]
[WhiteElo "1493"]
[BlackElo "1725"]
[PlyCount "41"]
[EventDate "2009.??.??"]

1. d4 d5 2. Nf3 Nf6 3. Bf4 e6 4. e3 Bd6 5. Ne5 c6 6. Nd2 Qc7 7. Ndf3 O-O 8. c3
Nbd7 9. Qc2 Ne4 10. Bd3 f5 11. Qe2 c5 12. Nxd7 Bxd7 13. Bxd6 Qxd6 14. Bxe4 fxe4
15. Ne5 cxd4 16. exd4 a6 17. Nxd7 Qxd7 18. O-O Qd6 19. Rae1 Rf6 20. Qg4 Rg6 21.
Qh5 1/2-1/2

[Event "Stuttgarter Stadtmeisterschaft B-Turnier"]
[Site "Ditzingen"]
[Date "2009.05.21"]
[Round "3.42"]
[White "Lebeda, Lukas"]
[Black "Awiszus, Thomas"]
[Result "0-1"]
[WhiteElo "1710"]
[BlackElo "1539"]
[PlyCount "48"]
[EventDate "2009.??.??"]

1. c4 Nf6 2. Nc3 g6 3. g3 Bg7 4. Bg2 O-O 5. Nf3 d6 6. O-O e5 7. d3 Nc6 8. Rb1
Nh5 9. e4 f5 10. Nh4 f4 11. Bd2 Qe8 12. Nd5 Qf7 13. b4 Nd4 14. gxf4 exf4 15.
Nf3 c6 16. Nxd4 Bxd4 17. Bc3 Bxc3 18. Nxc3 f3 19. Bh1 Qf6 20. Ne2 fxe2 21. Qxe2
Qg5+ 22. Bg2 Nf4 23. Qf3 Nh3+ 24. Kh1 Rxf3 0-1

[Event "Stuttgarter Stadtmeisterschaft B-Turnier"]
[Site "Ditzingen"]
[Date "2009.05.21"]
[Round "3.43"]
[White "Fischer, Stefan"]
[Black "Hennig, Jan"]
[Result "1-0"]
[WhiteElo "1687"]
[BlackElo "1534"]
[PlyCount "57"]
[EventDate "2009.??.??"]

1. e4 d6 2. d4 Nf6 3. Nc3 g6 4. f4 Bg7 5. Nf3 c5 6. d5 O-O 7. Be2 Bg4 8. O-O
Bxf3 9. Bxf3 Nbd7 10. a4 e5 11. dxe6 Nb6 12. exf7+ Rxf7 13. Qd3 Qe7 14. Rd1 Rd8
15. a5 Nc8 16. Be3 b6 17. axb6 axb6 18. e5 Ne8 19. Bd5 Nc7 20. Bxf7+ Kxf7 21.
exd6 Rxd6 22. Qc4+ Kf8 23. Re1 Re6 24. Bf2 Bd4 25. Rxe6 Bxf2+ 26. Kxf2 Qxe6 27.
Qxe6 Nxe6 28. Ne2 Nd6 29. Ra6 1-0

[Event "Stuttgarter Stadtmeisterschaft B-Turnier"]
[Site "Ditzingen"]
[Date "2009.05.21"]
[Round "3.44"]
[White "Kreutz, Daniel"]
[Black "Domingos, Antonio"]
[Result "0-1"]
[WhiteElo "1663"]
[BlackElo "1504"]
[PlyCount "40"]
[EventDate "2009.??.??"]

1. e4 e6 2. d4 d5 3. exd5 exd5 4. c4 Nf6 5. Nc3 c6 6. Nf3 Bd6 7. Be2 O-O 8. O-O
dxc4 9. Bxc4 Bg4 10. Qd3 Nbd7 11. Ng5 h6 12. Nge4 Bf5 13. f3 b5 14. Bb3 Kh8 15.
Kh1 b4 16. Na4 Qe7 17. Qc4 Nxe4 18. fxe4 Bxe4 19. Rxf7 Rxf7 20. Qxf7 Qh4 0-1

[Event "Stuttgarter Stadtmeisterschaft B-Turnier"]
[Site "Ditzingen"]
[Date "2009.05.21"]
[Round "3.45"]
[White "Schulz, Zdravko"]
[Black "Helmbrecht, Kurt"]
[Result "0-1"]
[WhiteElo "1329"]
[BlackElo "1657"]
[PlyCount "52"]
[EventDate "2009.??.??"]

1. e4 e6 2. d4 d5 3. e5 c5 4. c3 Nc6 5. Nf3 Qb6 6. Be2 cxd4 7. cxd4 Nge7 8. O-O
Nf5 9. Be3 Qxb2 10. Qb3 Qxe2 11. Rc1 Nxe3 12. Qxe3 Qxe3 13. fxe3 Bd7 14. Nc3 a6
15. a4 Be7 16. Ne2 O-O 17. Nf4 Rfc8 18. Nd3 Na5 19. Rxc8+ Rxc8 20. Rb1 Rc3 21.
Nfe1 Bc6 22. Kf2 Nc4 23. Ke2 Ra3 24. g3 Rxa4 25. h4 Ra2+ 26. Kf3 Nd2+ 0-1

[Event "Stuttgarter Stadtmeisterschaft B-Turnier"]
[Site "Ditzingen"]
[Date "2009.05.21"]
[Round "3.46"]
[White "Riepert, Steffen"]
[Black "Weisensel, Wolfgang"]
[Result "1-0"]
[WhiteElo "1641"]
[BlackElo "1531"]
[PlyCount "60"]
[EventDate "2009.??.??"]

1. e4 e5 2. f4 Bc5 3. Nf3 d6 4. d4 exd4 5. Nxd4 Nc6 6. Be3 Nf6 7. Nxc6 bxc6 8.
Bxc5 dxc5 9. Qxd8+ Kxd8 10. Nc3 Re8 11. O-O-O+ Ke7 12. e5 Ng4 13. Rd2 Be6 14.
h3 Ne3 15. a3 Nxf1 16. Rxf1 g6 17. Ne4 c4 18. g4 Red8 19. Rfd1 Rxd2 20. Rxd2 h6
21. Rd4 Rd8 22. Rxd8 Kxd8 23. Kd2 Bd5 24. Ke3 Ke7 25. Kd4 Bxe4 26. Kxe4 c5 27.
Kd5 c6+ 28. Kxc6 Ke6 29. Kxc5 g5 30. fxg5 hxg5 1-0

[Event "Stuttgarter Stadtmeisterschaft B-Turnier"]
[Site "Ditzingen"]
[Date "2009.05.21"]
[Round "3.47"]
[White "Zeyer, Gabriel"]
[Black "Krebs, Thomas"]
[Result "0-1"]
[WhiteElo "1461"]
[BlackElo "1625"]
[PlyCount "78"]
[EventDate "2009.??.??"]

1. c4 Nf6 2. d4 e6 3. Bg5 Be7 4. Nc3 d5 5. e3 O-O 6. Nf3 b6 7. cxd5 Nxd5 8.
Bxe7 Qxe7 9. Nxd5 exd5 10. Bd3 Qb4+ 11. Qd2 Qxd2+ 12. Nxd2 c5 13. O-O c4 14.
Bc2 Nc6 15. b3 Nb4 16. Rfc1 b5 17. a3 Nxc2 18. Rxc2 Bf5 19. Rc3 a5 20. bxc4
bxc4 21. f3 Rab8 22. e4 Rb2 23. Rd1 dxe4 24. Nxc4 Ra2 25. fxe4 Bxe4 26. Rd2
Ra1+ 27. Kf2 Rc8 28. Rb3 Bd5 29. Rc2 g6 30. Ne3 Rxc2+ 31. Nxc2 Ra2 32. Rc3 Be4
33. Ke3 Rxc2 34. Rc5 Rxc5 35. dxc5 Bxg2 36. Kd4 Kf8 37. Kc4 Bc6 38. Kd4 Ke7 39.
Ke5 f6+ 0-1

[Event "Stuttgarter Stadtmeisterschaft B-Turnier"]
[Site "Ditzingen"]
[Date "2009.05.21"]
[Round "3.48"]
[White "Schmidt, Tobias"]
[Black "Häfele, Torsten"]
[Result "0-1"]
[WhiteElo "1057"]
[BlackElo "1586"]
[PlyCount "60"]
[EventDate "2009.??.??"]

1. e4 c5 2. Nf3 Nc6 3. Bb5 e6 4. Bxc6 bxc6 5. d3 d6 6. c4 e5 7. O-O Be7 8. Nc3
Nf6 9. h3 O-O 10. Re1 Ne8 11. Be3 f5 12. exf5 Bxf5 13. Kh2 Nf6 14. Qd2 Qd7 15.
Qd1 Rad8 16. Nd2 Bxd3 17. b3 Bf5 18. a3 d5 19. cxd5 cxd5 20. Na4 e4 21. Kg1 d4
22. Bf4 Nd5 23. Bh2 e3 24. fxe3 Nxe3 25. Qc1 Qd5 26. Nf3 Bxh3 27. gxh3 Rxf3 28.
Qd2 Rdf8 29. Rab1 Rf2 30. Rxe3 Qg2# 0-1

[Event "Stuttgarter Stadtmeisterschaft B-Turnier"]
[Site "Ditzingen"]
[Date "2009.05.21"]
[Round "3.49"]
[White "Sievers, Gerda"]
[Black "Cummings, Orlyn"]
[Result "0-1"]
[WhiteElo "1232"]
[BlackElo "1585"]
[PlyCount "122"]
[EventDate "2009.??.??"]

1. e4 d6 2. d4 Nf6 3. f3 g6 4. Nc3 Bg7 5. Be3 c6 6. Qd2 Nbd7 7. Bh6 O-O 8. Bxg7
Kxg7 9. g4 Qc7 10. h4 h5 11. g5 Ne8 12. f4 e5 13. f5 Nb6 14. f6+ Kg8 15. O-O-O
a6 16. Nh3 Bg4 17. Re1 c5 18. d5 Nc8 19. Nf2 Bd7 20. Bh3 b5 21. Bxd7 Qxd7 22.
Kd1 b4 23. Nb1 Qa4 24. Ke2 Qxa2 25. Kf3 Qxb2 26. Qc1 Qxc1 27. Rxc1 Nb6 28. c4
a5 29. Nd2 a4 30. Nd3 Nc7 31. Ra1 a3 32. Rhc1 a2 33. Ke2 Ra3 34. Rc2 Na4 35.
Nb2 Nc3+ 36. Ke1 Rfa8 37. Kf1 R8a7 38. Ke1 Na8 39. Kf1 Nb6 40. Ke1 Kf8 41. Kf1
Ke8 42. Ke1 Kd7 43. Kf1 Nca4 44. Nxa4 R7xa4 45. Rb2 Ra6 46. Ke1 Kc7 47. Kd1 Na4
48. Rb3 Rxb3 49. Nxb3 Nc3+ 50. Kc2 Nxe4 51. Kb2 Ng3 52. Rxa2 Rxa2+ 53. Kxa2 Nf5
54. Na5 Nxh4 55. Nc6 Nf3 56. Ne7 Nxg5 57. Ng8 h4 58. Nh6 h3 59. Ng4 e4 60. Kb2
Nf3 61. Kc1 h2 0-1